Freedom and organization 1814-1914 (Record no. 184909)

MARC details
000 -LEADER
fixed length control field 00372nam a2200145Ia 4500
008 - FIXED-LENGTH DATA ELEMENTS--GENERAL INFORMATION
fixed length control field 230917s9999||||xx |||||||||||||| ||und||
040 ## - CATALOGING SOURCE
-- 50147
Original cataloging agency VIVEKANANDA LIBRARY
041 ## - Language
-- English
082 ## - DDC NUMBER
Classification number 320.509 R911E
100 ## - MAIN ENTRY--PERSONAL NAME
Personal name Russell, Bertrand
245 #0 - TITLE STATEMENT
Title Freedom and organization 1814-1914
260 ## - PUBLICATION, DISTRIBUTION, ETC. (IMPRINT)
Place of publication, distribution, etc London
Name of publisher, distributor, etc George Allen and Unwin
Date of publication, distribution, etc 1964
300 ## - PHYSICAL DESCRIPTION
Pages 528 p.
942 ## - ADDED ENTRY ELEMENTS (KOHA)
Koha item type Books
Holdings
Withdrawn status Lost status Damaged status Not for loan Location (home branch) Sublocation or collection (holding branch) Date acquired Koha issues (times borrowed) Koha full call number Accession No. Koha date last seen Koha item type
        VIVEKANANDA LIBRARY VIVEKANANDA LIBRARY 10/01/2003   320.509 R911E 4029 17/09/2023 Books
        VIVEKANANDA LIBRARY VIVEKANANDA LIBRARY 10/01/2003   320.509 R911E 4049 17/09/2023 Books
© Designed and Maintained by Vivekananda Library, MDU Rohtak